| 000 | 01082nam a2200277 a 4500 | ||
|---|---|---|---|
| 001 | BRL_947 | ||
| 005 | 20190320210951.0 | ||
| 008 | 281013s1996----mx-ao#####---#000-0#spa-# | ||
| 041 | _aspa | ||
| 044 | _amx | ||
| 050 | 4 |
_aN6557.S3 _b.M57 1996 |
|
| 245 | 1 | 0 |
_aMística y magia _bbúsqueda y reencuentro ; Belmontes, Castro, Estrada, Faz, Marroquin Portillo, Ramos, Robles, Sánchez Urbina, Vargas _cfotografía López, Fernando ; traducción Patricia Harris de Dávila. |
| 260 |
_a[San Luís Potosí] _bArtes Graficas Potosinas : Fondo Estatal para la Cultura y las Artes _c1996 |
||
| 300 |
_a126 p. _bil. (algunas a color) _c28 cm. |
||
| 500 | _aAu1023 | ||
| 600 | 1 | 4 |
_aBelmontes, Armando _925402 |
| 600 | 1 | 4 |
_aCastro, Salvador _925403 |
| 600 | 1 | 4 |
_aEstrada, Gilberto _925404 |
| 600 | 1 | 4 |
_aFaz, José _925405 |
| 650 | 1 | 4 |
_aArte mexicano _vCatálogos _ySiglo XX _zSan Luis Potosí _925406 |
| 650 | 1 | 4 |
_aArtistas _vBiografía _zSan Luis Potosí _925407 |
| 700 | 1 |
_aLopez, Fernando _eil. _925408 |
|
| 700 | 1 |
_aHarris de Dávila, Patricia _etr. _925409 |
|
| 902 | _aGRL | ||
| 942 |
_2lcc _cB |
||
| 999 |
_c9759 _d9759 |
||